Pauli Diaconi Historia langobardorum (Record no. 116546)

MARC details
000 -LEADER
campo de control de longitud fija 00565nam a2200181 4500
001 - NÚMERO DE CONTROL
campo de control 116546
003 - IDENTIFICADOR DE NÚMERO DE CONTROL
campo de control ES-MaACL
005 - FECHA Y HORA DE LA ÚLTIMA TRANSACCIÓN
campo de control 20230906190727.0
007 - CAMPO FIJO DE DESCRIPCIÓN FÍSICA--INFORMACIÓN GENERAL
campo de control de longitud fija t|
008 - DATOS DE LONGITUD FIJA--INFORMACIÓN GENERAL
campo de control de longitud fija 061121s1918 it r ||||1| lat d
100 1# - ENTRADA PRINCIPAL--NOMBRE DE PERSONA
Nombre de persona Paulo Diácono.
9 (RLIN) 89659
245 10 - MENCIÓN DEL TÍTULO
Título Pauli Diaconi Historia langobardorum
Resto del título : libri I-III.
250 ## - MENCION DE EDICION
Mención de edición Ed. ad uso di esercitazioni nelle scuole superiori (Istituto storico italiano).
260 ## - PUBLICACIÓN, DISTRIBUCIÓN, ETC.
Lugar de publicación, distribución, etc. Roma :
Nombre del editor, distribuidor, etc. Tip. Del Senato,
Fecha de publicación, distribución, etc. 1918.
300 ## - DESCRIPCIÓN FÍSICA
Extensión VI, 136 p. ;
Dimensiones 25 x 19 cm.
740 0# - ENTRADA AGREGADA--TÍTULO RELACIONADO/ANALÍTICO NO CONTROLADO
Título relacionado o analítico no controlado Historia langobardorum.
852 ## - LOCALIZACIÓN
Ubicación ES-MaACL
Número de control de estantería F-4206
Holdings
Estatus retirado Estado de pérdida Estado de daño No para préstamo Biblioteca de origen Biblioteca actual Ubicación en estantería Fecha de adquisición Fuente de adquisición Total de préstamos Signatura topográfica completa Código de barras Visto por última vez Precio de reemplazo Tipo de ítem Koha
        Biblioteca del Ateneo de Madrid Biblioteca del Ateneo de Madrid Depósito 2 17/01/2008     F-4206 1121528 23/02/2023 23/02/2023 Libro impreso